000 00877nam a2200229 a 4500
001 000039745
005 20251119123450.0
008 130718s2013 dr acd 000 0 spa d
020 _a9789945165555
040 _aDO-SdBNP
_bspa
_cBNPHU
082 _a378.97293
_bJ58m
100 1 _aJesús Ulerio, Luis Felipe de,
_d1970-
_91334
245 1 0 _aManual de orientación universitaria :
_b(ORI-100) por la evangelización de la cultura /
_cLuis Felipe de Jesus Ulerio, María Garate, Héctor A. Valera.
260 _aSanto Domingo :
_bUCSD,
_c2013.
300 _a147 p. :
_bil., retrs., tabls. ;
_c26 cm.
590 _aInventariado, 2018/ YL
650 4 _aUniversidades
_zRepública Dominicana
_9729
700 1 _aGárate, María
_965937
700 1 _aValera, Héctor A.
_916400
710 2 _aUniversidad Católica de Santo Domingo
_91476
910 _aValidado. Control de calidad EMS
999 _c39235
_d39235